| 000 | 01004cam a22003137a 4500 | ||
|---|---|---|---|
| 003 | CHAP | ||
| 005 | 20220817043135.0 | ||
| 008 | 971013s1980 it r 00010 spa d | ||
| 010 | _a66685 | ||
| 011 | _a67657 | ||
| 035 | _a77128 | ||
| 040 | _cCHAP | ||
| 082 |
_a630.3 _bF21 1980 v.30/ar. |
||
| 110 | _aFAO | ||
| 245 | 1 | 3 |
_aTerminos selecionados de riego riego _c/por FAO |
| 260 |
_aRoma : _bFAO, _c1980 |
||
| 300 | _a107 p. | ||
| 490 | 0 |
_aBoletín de terminología _v; 34/Ar |
|
| 500 | _aMultibilingüe (Inglés, francés, español, árabe) | ||
| 590 |
_aBATCH-UPD _b10 _c20130110 _lUCH01 _h1353 |
||
| 590 |
_aBATCH-UPD _b10 _c20130410 _lUCH01 _h0849 |
||
| 590 |
_aBATCH-UPD _b10 _c20130914 _lUCH01 _h0653 |
||
| 590 |
_aCONVERSION _b10 _c20130109 _lUCH01 _h1337 |
||
| 650 | 1 | 4 |
_aIrrigación _xTerminología. _960488 |
| 830 | 0 |
_aBoletín de terminología _v; 34/Ar _913539 |
|
| 901 | _aBK | ||
| 942 | _cLIBRO | ||
| 949 |
_a630.3 F21 1980 v.30/ar. _bBC _cFAO _d33724002248595 _eFAO1 _gI.139929 _h72532 _i77128 _si |
||
| 999 |
_c66685 _d66685 |
||